000
00304nam a22001337a 4500
008
180924b xxu||||| |||| 00| 0 eng d
020
_a
9781455749072
041
_a
eng
080
_a
610.73
100
_a
2
101
_a
NUR
245
_a
Nursing Clinics Pf North America
_c
Disch.J
942
_2
udc
_c
BK
999
_c
48324
_d
48324